Manual del librero hispano-americano (Record no. 113624)

MARC details
000 -LEADER
campo de control de longitud fija 00924nam a2200205 i 4500
001 - NÚMERO DE CONTROL
campo de control 113624
003 - IDENTIFICADOR DE NÚMERO DE CONTROL
campo de control ES-MaACL
005 - FECHA Y HORA DE LA ÚLTIMA TRANSACCIÓN
campo de control 20250817180322.0
007 - CAMPO FIJO DE DESCRIPCIÓN FÍSICA--INFORMACIÓN GENERAL
campo de control de longitud fija t|
008 - DATOS DE LONGITUD FIJA--INFORMACIÓN GENERAL
campo de control de longitud fija 061121m19231927sp r ||||1| spa d
100 1# - ENTRADA PRINCIPAL--NOMBRE DE PERSONA
Nombre de persona Palau y Dulcet, Antonio.
9 (RLIN) 88506
245 10 - MENCIÓN DEL TÍTULO
Título Manual del librero hispano-americano
Resto del título : inventario bibliográfico de la producción científica y literaria de España y de la América Latina desde la invención de la imprenta hasta nuestros días : con el valor comercial de todos los artículos descritos /
Mención de responsabilidad, etc. por Antonio Palau y Dulcet.
260 ## - PUBLICACIÓN, DISTRIBUCIÓN, ETC.
Lugar de publicación, distribución, etc. Barcelona :
Nombre del editor, distribuidor, etc. Librería Anticuaria,
Fecha de publicación, distribución, etc. 1923-1927.
300 ## - DESCRIPCIÓN FÍSICA
Extensión 7 v. ;
Dimensiones 27 cm.
505 8# - NOTA DE CONTENIDO CON FORMATO
Nota de contenido con formato Contiene: t. 1. A-B t. 2. C-CH t. 3. D-G t. 4. H-LL t. 5. M-O t. 6. P-S t. 7. T-Z
650 07 - PUNTO DE ACCESO ADICIONAL DE MATERIA--TÉRMINO DE MATERIA
Término de materia o nombre geográfico como elemento de entrada Bibliografías españolas
Fuente del encabezamiento o término embne
9 (RLIN) 10523
650 #4 - PUNTO DE ACCESO ADICIONAL DE MATERIA--TÉRMINO DE MATERIA
Término de materia o nombre geográfico como elemento de entrada Bibliografías hispanoamericanas.
9 (RLIN) 149482
852 ## - LOCALIZACIÓN
Ubicación ES-MaACL
Número de control de estantería A-845-51
Holdings
Estatus retirado Estado de pérdida Fuente del sistema de clasificación o colocación Estado de daño No para préstamo Colección Biblioteca de origen Biblioteca actual Ubicación en estantería Fecha de adquisición Total de préstamos Signatura topográfica completa Código de barras Visto por última vez Precio de reemplazo Tipo de ítem Koha
    Clasificación decimal universal     Biblioteca profesional Biblioteca del Ateneo de Madrid Biblioteca del Ateneo de Madrid Depósito 1 17/01/2008   A-845-51 1118501 23/02/2023 23/02/2023 Libro impreso